000 00420nam a2200133Ia 4500
008 231129s2009||||xx |||||||||||||| ||spa||
020 _a978-958-670-756-5
040 _bspa
082 _a306 I19
245 0 _aIdentidad cultura y polí­tica: Perspectivas conceptuales miradas empí­ricas
260 _c2009
264 _aPrograma Editorial Universidad del Valle
942 _2ddc
_cBKS
999 _c15557
_d15557